000
00207nam a2200097Ia 4500
008
240331s9999 xx 000 0 und d
082
_b
PER
100
_a
Perera,S
245
0
_a
Living with torturers
942
_c
L
999
_c
5005
_d
5005